00617nam a22002057a 450000500170000001000150001702000260003203500140005803700130007208200080008510000170009324500670011025000110017726000590018827000730024730000260032049000060034650000420035270000170039420230912153500.0 aENG-137912 c795.00a9789357054188 aEN-121444 bDBAD/PUB a540 aSinghal, A.K aObjective Chemistry For NEET/cBy A.K Singhal, and U.K Singhal aSixth  aNoidabPearson India Education Services Pvt Ltdc2024 aIst Floor, Berger Tower, Plot No C-001A/2 Sector 16B bNoidae201301 avpp.c25cm(pbk)bill. v1 aNational Eligibilty Cum Entrance Test aSinghal, U.K